000 00864nam a22002537b 4500
001 Mimo0002115714
003 CO-ViMGA
005 20230915234538.0
008 060704s2004 sp | ||| ||spa
020 _a8466740104
040 _aCO-ViMGA
_bspa
_cCO-ViMGA
041 1 _hdan
082 0 4 _a839.81364
_bA53p
100 1 _aAndersen, Hans Christian
_d1805-1875
_93039
243 1 0 _aCuentos
_lEspañol.
245 1 3 _aLa pequeña cerillera y otros cuentos /
_h[Texto impreso]
_cHans Christian Andersen ; prologo, José María Merino ; traducción, Enrique Bernárdez ; ilustraciones, Javier Sáez Castán
250 _a1® ed.
260 _aMadrid :
_bAnaya,
_c2004.
300 _a347 p.
_bil. col.
_c25 cm.
490 0 _aCuentos completos
_v2
700 1 _aBernárdez, Enrique
_d1949-
_99552
700 1 _aSáez Castán, Javier
_d1964-
_99553
942 _2ddc
_cCD
999 _c37967
_d37967